000
00205 a2200097 4500
001
29432
100
_a
Gowers
245
_a
Complete plain words
260
_a
_b
Tata McGraw-Hill
_c
090
_c
19644
_d
19644
942
_a
NUST-CAE
_c
M
_c
10718
999
_c
264505
_d
264505